| 000 | 01076nam a22002775a 4500 | ||
|---|---|---|---|
| 999 |
_c27545 _d27516 |
||
| 003 | EG-ScBUE | ||
| 005 | 20190618121337.0 | ||
| 008 | 190618s2017 ua grb 000 0 ara d | ||
| 017 | _a2016 / 23715 | ||
| 040 |
_aEG-ScBUE _bara _cEG-ScBUE _dEG-ScBUE |
||
| 082 | 0 | 4 |
_a297.14 _bش و م _222 |
| 100 | 1 | _aشومان، عباس. | |
| 245 | 1 | 2 |
_aالمعارضة المسلحة : _bرؤية شرعية / _cتاليف عباس شومان. |
| 250 | _aط. 1. | ||
| 260 |
_aالقاهرة : _bالأزهر الشريف، مجمع البحوث الإسلامية، _c2018. |
||
| 300 |
_a160 ص. ؛ _c22 سم. |
||
| 490 | 0 |
_aسلسلة مجمع البحوث الإسلامية. _aالسلسلة العلمية ؛ _v49 |
|
| 541 |
_aDr. Noha Gamal ; _cDonation ; |
||
| 650 | 7 |
_aالحدود (فقه إسلامي). _2BUEsh |
|
| 650 | 7 |
_aالإرهاب (فقه إسلامي). _2BUEsh |
|
| 650 | 7 |
_aالتخريب والتدمير (فقه إسلامي). _2BUEsh |
|
| 650 | 7 |
_aالقتل في الإسلام. _2BUEsh |
|
| 651 | _2BUEsh | ||
| 653 |
_bGGEN _cJune2019 |
||
| 942 | _2ddc | ||